[Event "Llinars del Valles op 1st"]
[Site "Llinars del Valles"]
[Date "2021.07.01"]
[Round "7"]
[White "Perez Lopez, Julio"]
[Black "De Leon Navarro, Claudio"]
[Result "1-0"]
[WhiteElo "2132"]
[BlackElo "1855"]
[PlyCount "93"]
[EventDate "2021.06.25"]
[EventType "swiss"]
[EventRounds "9"]
[EventCountry "ESP"]
[SourceTitle "CBM 203 Extra"]
[Source "ChessBase"]
[SourceDate "2021.09.30"]
[SourceVersion "1"]
[SourceVersionDate "2021.09.30"]
[SourceQuality "1"]

1. Nf3 d5 2. g3 Nf6 3. Bg2 e6 4. d4 Be7 5. c4 0-0 6. Qc2 b6 7. 0-0 c5 8. Rd1 cxd4 9. Nxd4 Bd7 10. Nc3 Na6 11. cxd5 Nb4 12. Qb3 Nbxd5 13. Nxd5 Nxd5 14. e4 Nf6 15. Bf4 Qe8 16. Qf3 Rc8 17. h3 Ba4 18. b3 Bd7 19. Qd3 Bc5 20. Be5 Qe7 21. Nb5 Bxb5 22. Qxb5 Rfd8 23. Qe2 Bd6 24. Bxd6 Rxd6 25. Rxd6 Qxd6 26. e5 Qd4 27. Rd1 Qc3 28. exf6 Qxf6 29. Kh2 Qf5 30. Be4 Qc5 31. Rd2 Qg5 32. h4 Qf6 33. Qf3 Qh6 34. Rd7 f5 35. Bd3 g5 36. Kg2 gxh4 37. Bc4 b5 38. Bxb5 hxg3 39. Qxg3+ Kf8 40. Bc4 f4 41. Qg4 Rc6 42. Kf3 Qh1+ 43. Kxf4 e5+ 44. Ke3 Qc1+ 45. Ke2 Ke8 46. Rd2 Rg6 47. Qd7+ 1-0

[Event "Llinars del Valles op 1st"]
[Site "Llinars del Valles"]
[Date "2021.06.28"]
[Round "4"]
[White "Alvarado Diaz, Alejandro"]
[Black "De Leon Navarro, Claudio"]
[Result "1-0"]
[WhiteElo "2396"]
[BlackElo "1855"]
[PlyCount "145"]
[EventDate "2021.06.25"]
[EventType "swiss"]
[EventRounds "9"]
[EventCountry "ESP"]
[SourceTitle "CBM 203 Extra"]
[Source "ChessBase"]
[SourceDate "2021.09.30"]
[SourceVersion "1"]
[SourceVersionDate "2021.09.30"]
[SourceQuality "1"]

1. e4 e6 2. d4 d5 3. Nc3 Nf6 4. e5 Nfd7 5. Nce2 c5 6. c3 b5 7. f4 Nc6 8. Nf3 b4 9. g3 Be7 10. Bh3 g6 11. 0-0 Nb6 12. cxb4 Nxd4 13. Nexd4 cxd4 14. Qxd4 Ba6 15. Rf2 Rc8 16. a3 Rc4 17. Qd1 Qc8 18. b3 Rc7 19. Be3 0-0 20. Nd4 Qd7 21. Rc1 Rfc8 22. Rfc2 Bf8 23. Rxc7 Rxc7 24. Rxc7 Qxc7 25. Qc2 Qd7 26. Bf1 Bxf1 27. Kxf1 Qb7 28. Qd3 h5 29. Ke2 Kg7 30. Kd2 a6 31. Qc3 Nc8 32. Qc6 Qb8 33. Qxa6 Ne7 34. Nc6 Nxc6 35. Qxc6 g5 36. Bc5 Bxc5 37. Qxc5 Qa8 38. b5 d4 39. Qxd4 Qxa3 40. fxg5 Qa5+ 41. b4 Qxb5 42. h4 Qc6 43. Ke3 Qc1+ 44. Kf2 Qc2+ 45. Kg1 Qc1+ 46. Kg2 Qc6+ 47. Kf2 Qc2+ 48. Ke3 Qb3+ 49. Kd2 Qa2+ 50. Kc3 Qa1+ 51. Kc4 Qa2+ 52. Kb5 Qe2+ 53. Kb6 Qc2 54. b5 Qc8 55. Qd6 Qa8 56. Qc7 Qa4 57. Qd8 Qe4 58. Qf6+ Kg8 59. Qd8+ Kg7 60. Qd6 Qa4 61. Qc5 Qa8 62. Kc7 Qa5+ 63. Kd7 Qa4 64. Qc6 Qa7+ 65. Kc8 Qa4 66. Kb7 Qd4 67. Qd6 Qe4+ 68. Kb8 Qa4 69. b6 Qe8+ 70. Kc7 Qa8 71. b7 Qa5+ 72. Kc8 Qc3+ 73. Kd7 1-0

[Event "Canarias-chT"]
[Site "Vecindario"]
[Date "2019.06.13"]
[Round "1.2"]
[White "Perez Guerra, Raul"]
[Black "De Leon Navarro, Claudio"]
[Result "1-0"]
[WhiteElo "2137"]
[BlackElo "1843"]
[PlyCount "95"]
[EventDate "2019.06.13"]
[EventType "team-swiss"]
[EventRounds "6"]
[EventCountry "ESP"]
[SourceTitle "EXT 2020"]
[Source "ChessBase"]
[SourceDate "2019.10.17"]
[SourceVersion "1"]
[SourceVersionDate "2019.10.17"]
[SourceQuality "1"]
[WhiteTeam "Guia"]
[BlackTeam "Hotel Avda de Canarias II"]
[WhiteTeamCountry "ESP"]
[BlackTeamCountry "ESP"]

1. e4 e6 2. d4 d5 3. e5 c5 4. c3 Nc6 5. Nf3 Qb6 6. a3 c4 7. Nbd2 f6 8. g3 fxe5 9. Nxe5 Nf6 10. Bh3 Bd6 11. Qe2 Be7 12. Nxc6 Qxc6 13. 0-0 a5 14. Nf3 Ra6 15. Re1 0-0 16. Ng5 Re8 17. Bf4 Bd8 18. Be5 h6 19. Nf3 b5 20. Bf4 Bc7 21. Ne5 Bxe5 22. Bxe5 Qd7 23. Bg2 Bb7 24. Bf3 Qf7 25. Qe3 Nd7 26. Bg4 Nxe5 27. Qxe5 Qf6 28. Qh5 Re7 29. Re5 Bc8 30. Rae1 Qf7 31. Qh4 Rd6 32. Qh3 Bd7 33. R1e3 Qg6 34. Kg2 Qe8 35. Bh5 Qc8 36. Bg4 Kh8 37. f4 Qg8 38. f5 Bc8 39. fxe6 Qe8 40. Qh4 Bxe6 41. Bf5 Qd7 42. g4 Kg8 43. Qe1 Kf7 44. Qb1 Ke8 45. Bg6+ Kd8 46. Qe1 Kc7 47. Bf5 Bxf5 48. Rxe7 1-0

[Event "Liga Insular Gran Canaria 1b"]
[Site "Las Palmas"]
[Date "2019.05.18"]
[Round "7.2"]
[White "Jerez Lopez, Juan Ramon"]
[Black "De Leon Navarro, Claudio"]
[Result "1-0"]
[WhiteElo "1879"]
[BlackElo "1884"]
[PlyCount "103"]
[EventDate "2019.03.02"]
[EventType "team-tourn"]
[EventRounds "7"]
[EventCountry "ESP"]
[SourceTitle "EXT 2021"]
[Source "ChessBase"]
[SourceDate "2020.10.23"]
[SourceVersion "1"]
[SourceVersionDate "2020.10.23"]
[SourceQuality "1"]
[WhiteTeam "Panaderia Pulido San Mateo"]
[BlackTeam "Hotel Avda de Canarias II"]
[WhiteTeamCountry "ESP"]
[BlackTeamCountry "ESP"]

1. e4 e6 2. d4 d5 3. Nc3 Nf6 4. Bg5 Be7 5. e5 Nfd7 6. Bxe7 Qxe7 7. Qd2 a6 8. f4 c5 9. Nf3 Nc6 10. Be2 b5 11. dxc5 Nxc5 12. a3 Bb7 13. 0-0 Rd8 14. Nd4 Ne4 15. Nxe4 dxe4 16. c3 Nxd4 17. cxd4 Qd7 18. Rfd1 0-0 19. Rac1 Rc8 20. Rc5 Rfd8 21. Qa5 g6 22. Qc3 Rxc5 23. dxc5 Bd5 24. b4 Qc6 25. Rd4 Rc8 26. Rd1 Qb7 27. Bf1 Qc6 28. g3 e3 29. Qxe3 Kg7 30. Rd2 h5 31. h4 Rc7 32. Qf2 Rd7 33. Qd4 Rc7 34. Kf2 Rd7 35. Kg1 Rb7 36. Bh3 Rb8 37. f5 Rb7 38. Qf4 exf5 39. Qg5 Qe6 40. Qf6+ Kh7 41. Qxe6 fxe6 42. Bg2 Bxg2 43. Kxg2 a5 44. Rd6 axb4 45. axb4 Kg7 46. c6 Rb8 47. Rxe6 Kf7 48. Rf6+ Kg7 49. Kf3 Re8 50. Kf4 Re7 51. Rd6 Kf8 52. e6 1-0

[Event "Liga Insular Gran Canaria 1b"]
[Site "Las Palmas"]
[Date "2019.03.16"]
[Round "3.2"]
[White "De Leon Navarro, Claudio"]
[Black "Falcon Alvarado, Miguel Angel"]
[Result "1-0"]
[WhiteElo "1884"]
[BlackElo "1596"]
[PlyCount "79"]
[EventDate "2019.03.02"]
[EventType "team-tourn"]
[EventRounds "7"]
[EventCountry "ESP"]
[SourceTitle "EXT 2021"]
[Source "ChessBase"]
[SourceDate "2020.10.23"]
[SourceVersion "1"]
[SourceVersionDate "2020.10.23"]
[SourceQuality "1"]
[WhiteTeam "Hotel Avda de Canarias II"]
[BlackTeam "Anand II"]
[WhiteTeamCountry "ESP"]
[BlackTeamCountry "ESP"]

1. e4 d6 2. d4 g6 3. Be3 Bg7 4. Nc3 Nd7 5. f3 e5 6. Nge2 c5 7. dxc5 dxc5 8. Nd5 Ngf6 9. Nec3 Nxd5 10. Qxd5 Qb6 11. 0-0-0 0-0 12. Bb5 Nf6 13. Qxc5 Be6 14. Qxf8+ Bxf8 15. Bxb6 axb6 16. a4 Bc5 17. Rd3 Rc8 18. Rhd1 Kg7 19. g4 Bd4 20. Ne2 Bc5 21. h4 Bf2 22. Rh1 Rc7 23. b4 Bc4 24. Bxc4 Rxc4 25. c3 Nxe4 26. Rh2 Bg3 27. Nxg3 Nxg3 28. Rg2 e4 29. fxe4 Nxe4 30. Kc2 Kf6 31. Re2 Ke5 32. Rde3 f5 33. gxf5 gxf5 34. Kb3 Rc6 35. c4 Kd4 36. h5 Rxc4 37. Rxe4+ fxe4 38. Rxe4+ Kxe4 39. Kxc4 Ke5 40. Kb5 1-0

[Event "Lanzarote op"]
[Site "Lanzarote"]
[Date "2018.06.25"]
[Round "1"]
[White "Kuzmicz, Krystian"]
[Black "De Leon Navarro, Claudio"]
[Result "1-0"]
[WhiteElo "2460"]
[BlackElo "1754"]
[PlyCount "79"]
[EventDate "2018.06.25"]
[EventType "swiss"]
[EventRounds "9"]
[EventCountry "ESP"]
[SourceTitle "CBM 185 Extra"]
[Source "ChessBase"]
[SourceDate "2018.07.29"]
[SourceVersion "1"]
[SourceVersionDate "2018.07.29"]
[SourceQuality "1"]

1. e4 e6 2. Nf3 d5 3. Nc3 Nf6 4. e5 Nfd7 5. d4 c5 6. dxc5 Nc6 7. Bf4 Bxc5 8. Bd3 a6 9. Qe2 Qc7 10. 0-0 Nd4 11. Nxd4 Bxd4 12. Rae1 Bxc3 13. bxc3 Nc5 14. Qg4 Nxd3 15. cxd3 g6 16. Bh6 Rg8 17. Qh4 b6 18. Bg5 h5 19. Rb1 Bb7 20. Qb4 b5 21. a4 Bc6 22. axb5 axb5 23. Qc5 Kd7 24. Ra1 Rgb8 25. Rfb1 Kc8 26. Qb4 Qd7 27. Be3 Rxa1 28. Rxa1 Ra8 29. Rb1 Ra4 30. Qf8+ Kc7 31. Qc5 Ra5 32. h4 Kd8 33. Bg5+ Ke8 34. c4 Ra8 35. cxb5 Bb7 36. Qd4 Ra5 37. Qb4 Ra8 38. Qf4 Ra5 39. Qf6 Qc7 40. b6 1-0

[Event "Las Palmas Montalvo Memorial 11th"]
[Site "Las Palmas"]
[Date "2018.03.27"]
[Round "5"]
[White "De Leon Navarro, Claudio"]
[Black "Antonano Fedz Quincoces, Avelino"]
[Result "0-1"]
[WhiteElo "1787"]
[BlackElo "2042"]
[PlyCount "54"]
[EventDate "2018.03.24"]
[EventType "swiss"]
[EventRounds "9"]
[EventCountry "ESP"]
[SourceTitle "CBM 183 Extra"]
[Source "ChessBase"]
[SourceDate "2018.04.19"]
[SourceVersion "1"]
[SourceVersionDate "2018.04.19"]
[SourceQuality "1"]

1. e4 c5 2. Nc3 g6 3. Bc4 Nc6 4. d3 Bg7 5. a3 Nf6 6. Ba2 d6 7. Nf3 0-0 8. Bg5 h6 9. Be3 Ng4 10. Bd2 Kh7 11. 0-0 a6 12. h3 Nf6 13. Nh2 e6 14. g4 Ng8 15. Qc1 Nd4 16. Re1 Qh4 17. Kg2 f5 18. f4 Nf6 19. Rf1 fxg4 20. Nxg4 Nxg4 21. Be1 Qh5 22. hxg4 Qxg4+ 23. Bg3 e5 24. Qe1 Qh3+ 25. Kf2 exf4 26. Rh1 Qxg3+ 27. Kf1 Bh3+ 0-1

[Event "Las Palmas Montalvo Memorial 11th"]
[Site "Las Palmas"]
[Date "2018.03.26"]
[Round "4"]
[White "Cabrera Martel, Isaac"]
[Black "De Leon Navarro, Claudio"]
[Result "0-1"]
[WhiteElo "1503"]
[BlackElo "1787"]
[PlyCount "56"]
[EventDate "2018.03.24"]
[EventType "swiss"]
[EventRounds "9"]
[EventCountry "ESP"]
[SourceTitle "CBM 183 Extra"]
[Source "ChessBase"]
[SourceDate "2018.04.19"]
[SourceVersion "1"]
[SourceVersionDate "2018.04.19"]
[SourceQuality "1"]

1. d4 Nf6 2. Bf4 e6 3. e3 c5 4. c3 d5 5. Nf3 Nc6 6. Be2 Nh5 7. Ne5 Nxf4 8. exf4 cxd4 9. cxd4 Qb6 10. Nxc6 bxc6 11. Qd2 Rb8 12. b3 Bb4 13. Nc3 c5 14. dxc5 Qxc5 15. Rc1 d4 16. 0-0 Bxc3 17. Qc2 Bd7 18. Rfd1 Rc8 19. b4 Qxb4 20. Rb1 Qa4 21. Qe4 0-0 22. Qb7 Qc6 23. Ba6 Qxb7 24. Rxb7 Bc6 25. Rbb1 Rb8 26. Rbc1 Bb5 27. Bxb5 Rxb5 28. g3 g6 0-1

[Event "Las Palmas Insular-chT Segunda 1718"]
[Site "Las Palmas"]
[Date "2018.03.10"]
[Round "9.2"]
[White "Moreno Ramos, Aristides"]
[Black "De Leon Navarro, Claudio"]
[Result "1/2-1/2"]
[WhiteElo "1645"]
[BlackElo "1787"]
[PlyCount "49"]
[EventDate "2017.10.28"]
[EventType "team-swiss"]
[EventRounds "9"]
[EventCountry "ESP"]
[SourceTitle "EXT 2021"]
[Source "ChessBase"]
[SourceDate "2020.10.23"]
[SourceVersion "1"]
[SourceVersionDate "2020.10.23"]
[SourceQuality "1"]
[WhiteTeam "Sociedad La Montana III"]
[BlackTeam "Hotel Avda de Canarias III"]
[WhiteTeamCountry "ESP"]
[BlackTeamCountry "ESP"]

1. e4 e6 2. d4 d5 3. exd5 exd5 4. c3 Bd6 5. Bd3 Ne7 6. Nf3 Bg4 7. 0-0 Nbc6 8. b4 f6 9. Be3 Bf5 10. Re1 Bxd3 11. Qxd3 Qd7 12. a4 Qf5 13. Qxf5 Nxf5 14. Bf4+ Kf7 15. Bxd6 Nxd6 16. Nbd2 Rhe8 17. g3 Rxe1+ 18. Rxe1 Re8 19. Kf1 Rxe1+ 20. Nxe1 b6 21. Nd3 Ne7 22. Ke2 c6 23. f3 g5 24. Nb2 Ke6 25. Nd3 1/2-1/2

[Event "Canarias-chT"]
[Site "San Cristobal de La Laguna"]
[Date "2017.06.23"]
[Round "2.4"]
[White "De Leon Navarro, Claudio"]
[Black "Mendez Acosta, Alexander Jesus"]
[Result "0-1"]
[WhiteElo "1700"]
[BlackElo "1960"]
[PlyCount "62"]
[EventDate "2017.06.22"]
[EventType "team-swiss"]
[EventRounds "6"]
[EventCountry "ESP"]
[SourceTitle "EXT 2024"]
[Source "ChessBase"]
[SourceDate "2023.10.10"]
[SourceVersion "1"]
[SourceVersionDate "2023.10.10"]
[SourceQuality "1"]
[WhiteTeam "Hotel Avda de Canarias II"]
[BlackTeam "Los Realejos Shah Mat"]
[WhiteTeamCountry "ESP"]
[BlackTeamCountry "ESP"]

1. e4 c5 2. Nc3 Nc6 3. Bb5 g6 4. Bxc6 bxc6 5. f4 Bg7 6. Nf3 d5 7. d3 e6 8. 0-0 Ne7 9. Qe1 0-0 10. Kh1 Ba6 11. b3 dxe4 12. Ne5 exd3 13. cxd3 Bxd3 14. Rf3 Ba6 15. Be3 Qa5 16. Bd2 Qc7 17. Na4 Qd6 18. Rc1 c4 19. Nxc4 Bxc4 20. Bb4 Qc7 21. Rxc4 Rfc8 22. Ba5 Qd6 23. Bb4 Qd8 24. Nc5 Nd5 25. Rd3 Qf6 26. Bc3 Nxc3 27. Rdxc3 Rd8 28. Nd3 Qf5 29. Ne5 Bxe5 30. fxe5 Qxe5 31. Qc1 Qe2 0-1

[Event "Canarias-chT"]
[Site "San Cristobal de La Laguna"]
[Date "2017.06.22"]
[Round "1.3"]
[White "Alba Santana, Cayetano"]
[Black "De Leon Navarro, Claudio"]
[Result "1/2-1/2"]
[WhiteElo "1888"]
[BlackElo "1700"]
[PlyCount "120"]
[EventDate "2017.06.22"]
[EventType "team-swiss"]
[EventRounds "6"]
[EventCountry "ESP"]
[SourceTitle "EXT 2024"]
[Source "ChessBase"]
[SourceDate "2023.10.10"]
[SourceVersion "1"]
[SourceVersionDate "2023.10.10"]
[SourceQuality "1"]
[WhiteTeam "Grandama Santa Lucia"]
[BlackTeam "Hotel Avda de Canarias II"]
[WhiteTeamCountry "ESP"]
[BlackTeamCountry "ESP"]

1. c4 Nf6 2. Nf3 e6 3. g3 d5 4. Bg2 g6 5. 0-0 Bg7 6. Qa4+ c6 7. d4 0-0 8. Nc3 Nbd7 9. c5 Re8 10. Bf4 Nh5 11. Bd6 e5 12. dxe5 Nxe5 13. Nxe5 Bxe5 14. Bxe5 Rxe5 15. Rad1 Qe7 16. Qd4 f5 17. b4 Nf6 18. e3 Ne4 19. Rc1 Bd7 20. Ne2 Re8 21. Qd1 Qf7 22. Nd4 R5e7 23. a4 a6 24. Qc2 Ng5 25. Qb2 Ne6 26. Nf3 Qg7 27. Qb3 Nc7 28. Rcd1 Ne6 29. Rc1 Ra8 30. Rfd1 Be8 31. Qd3 h6 32. Qb3 g5 33. Nd4 Nxd4 34. Rxd4 Bh5 35. Qd3 Bg6 36. Qd2 Rf8 37. b5 axb5 38. axb5 Ra8 39. Rb4 Be8 40. Rcb1 Kh7 41. bxc6 bxc6 42. Bh3 Qf6 43. Bf1 Rc7 44. Bd3 Bh5 45. Qc2 Rf8 46. h3 Bf3 47. Rb7 Rcf7 48. Qb2 Kg6 49. Rb6 Be4 50. Qc2 Re7 51. Ra6 Re6 52. Rbb6 Kg7 53. Rb7+ Rf7 54. Rxf7+ Qxf7 55. Qc3+ Qf6 56. Ra7+ Kg6 57. Qxf6+ Rxf6 58. Bxe4 fxe4 59. Rd7 Rf7 60. Rd6+ Rf6 1/2-1/2

[Event "Arrecife de Lanzarote op"]
[Site "Arrecife de Lanzarote"]
[Date "2017.06.13"]
[Round "5"]
[White "Diaz Herrero, Alvaro"]
[Black "De Leon Navarro, Claudio"]
[Result "1-0"]
[WhiteElo "2203"]
[BlackElo "1700"]
[PlyCount "77"]
[EventDate "2017.06.11"]
[EventType "swiss"]
[EventRounds "9"]
[EventCountry "ESP"]
[SourceTitle "EXT 2018"]
[Source "ChessBase"]
[SourceDate "2017.10.13"]
[SourceVersion "1"]
[SourceVersionDate "2017.10.13"]
[SourceQuality "1"]

1. e4 d5 2. exd5 Qxd5 3. Nf3 Nf6 4. d4 Bf5 5. Be2 e6 6. 0-0 c6 7. c4 Qd8 8. Nc3 Bd6 9. Qb3 Qb6 10. c5 Qxb3 11. axb3 Bc7 12. b4 Nbd7 13. b5 0-0 14. b4 Ne4 15. Nxe4 Bxe4 16. bxc6 Bxc6 17. b5 Bd5 18. Be3 Rfc8 19. Rfe1 Nf6 20. Ra3 Kf8 21. Rea1 Bb8 22. Nd2 Nd7 23. Bc4 Nf6 24. g3 h6 25. Bxd5 Nxd5 26. Nc4 Ke7 27. b6 Nb4 28. bxa7 Bc7 29. Rb1 Nc6 30. Rxb7 Ke8 31. Ra6 Nd8 32. Rb5 Kd7 33. Bf4 Bxf4 34. gxf4 Kc7 35. Nd6 Kd7 36. Nxc8 Kxc8 37. Kg2 Kc7 38. Rbb6 Kd7 39. Rb8 1-0

[Event "Las Palmas Insular-chT Primera-A 1617"]
[Site "Las Palmas"]
[Date "2016.12.17"]
[Round "7.3"]
[White "De Leon Navarro, Claudio"]
[Black "Moreno Ramos, Aristides"]
[Result "1-0"]
[WhiteElo "1638"]
[BlackElo "1631"]
[PlyCount "143"]
[EventDate "2016.10.22"]
[EventType "team-tourn"]
[EventRounds "14"]
[EventCountry "ESP"]
[SourceTitle "EXT 2018"]
[Source "ChessBase"]
[SourceDate "2017.10.13"]
[SourceVersion "1"]
[SourceVersionDate "2017.10.13"]
[SourceQuality "1"]
[WhiteTeam "Hotel Avda de Canarias III"]
[BlackTeam "Sociedad La Montana II"]
[WhiteTeamCountry "ESP"]
[BlackTeamCountry "ESP"]

1. d4 Nf6 2. c4 g6 3. Nc3 Bg7 4. e4 d6 5. Bg5 0-0 6. Be2 Na6 7. Nf3 c5 8. d5 Nc7 9. Qd2 a6 10. a4 Re8 11. 0-0 Bd7 12. a5 Rb8 13. Bh6 b6 14. Bxg7 Kxg7 15. axb6 Rxb6 16. h3 Qb8 17. Rfb1 Rb4 18. e5 dxe5 19. Nxe5 Qb6 20. Nxd7 Nxd7 21. Na2 Ra4 22. Qc3+ Kg8 23. Bd1 Ra5 24. Nc1 Rxa1 25. Rxa1 Nf6 26. Bc2 Rb8 27. b3 Qd6 28. Qg3 Qxg3 29. fxg3 Nfe8 30. Nd3 e6 31. dxe6 Nxe6 32. Rxa6 N8g7 33. Ra5 Rc8 34. Kf2 Nf5 35. Nf4 Nfd4 36. Nxe6 Nxe6 37. Bd1 Rc7 38. Rb5 Kg7 39. b4 cxb4 40. Rxb4 Nc5 41. Ke3 f5 42. Bf3 Nd7 43. Rb7 Rxc4 44. Rxd7+ Kh6 45. Rd4 Rc7 46. g4 fxg4 47. Bxg4 Rf7 48. Rd7 Rf8 49. Bf3 Re8+ 50. Be4 Rf8 51. Bd5 Re8+ 52. Kd4 Rf8 53. Ke5 Rf5+ 54. Kd6 Rf2 55. Bf3 Ra2 56. Ke6 Rc2 57. Ra7 Rc8 58. Rb7 Rc5 59. Rd7 Ra5 60. Kf7 Rf5+ 61. Ke7 Rf4 62. Bd5 Kg5 63. Ke6 Rf6+ 64. Ke7 Rf2 65. Bf3 Rb2 66. Rb7 Rxb7+ 67. Bxb7 Kh4 68. Kf6 g5 69. Kf5 h6 70. Bd5 h5 71. Bf3 g4 72. Bxg4 1-0

[Event "Las Palmas Insular-chT Segunda-B 1617"]
[Site "Las Palmas"]
[Date "2016.11.19"]
[Round "5.1"]
[White "De Leon Navarro, Claudio"]
[Black "Perez Castellano, Susana"]
[Result "0-1"]
[WhiteElo "1614"]
[BlackElo "1797"]
[PlyCount "90"]
[EventDate "2016.10.22"]
[EventType "team-tourn"]
[EventRounds "14"]
[EventCountry "ESP"]
[SourceTitle "EXT 2018"]
[Source "ChessBase"]
[SourceDate "2017.10.13"]
[SourceVersion "1"]
[SourceVersionDate "2017.10.13"]
[SourceQuality "1"]
[WhiteTeam "Hotel Avda de Canarias V"]
[BlackTeam "Grandama III"]
[WhiteTeamCountry "ESP"]
[BlackTeamCountry "ESP"]

1. d4 Nf6 2. c4 c5 3. d5 b5 4. cxb5 a6 5. bxa6 Bxa6 6. Nc3 d6 7. g3 g6 8. Bg2 Bg7 9. Nf3 0-0 10. 0-0 Nbd7 11. Rb1 Ng4 12. Qc2 Nge5 13. Rd1 Qa5 14. Nh4 Rfb8 15. b3 Nc4 16. Ne4 Na3 17. Bxa3 Qxa3 18. Rd2 Ne5 19. Qc1 Qb4 20. Qc3 Qxc3 21. Nxc3 Nc4 22. bxc4 Bxc3 23. Rxb8+ Rxb8 24. Rc2 Bg7 25. Bf1 Rb1 26. Kg2 Bc8 27. e4 Bd7 28. Bd3 Rd1 29. Be2 Ra1 30. Kf3 h5 31. Ng2 Ba4 32. Rd2 Bc3 33. Rd3 Bb4 34. Ne3 Rxa2 35. Bd1 Bd7 36. Bb3 Rb2 37. Nc2 Bg4+ 38. Ke3 Rb1 39. Nxb4 cxb4 40. f3 Bh3 41. Bc2 Rb2 42. Kd2 Bg2 43. Kc1 Ra2 44. Kb1 Ra8 45. Kb2 Bf1 0-1